Dandy's World Toons - Statistics

General Stats
  • This quiz has been taken 282 times
  • The average score is 26 of 28
Answer Stats
Picture Answer % Correct
Dandy
100%
Vee
100%
Astro
99%
Pebble
98%
Shelly
98%
Sprout
97%
Glisten
96%
Poppy
96%
Bobette
95%
Boxten
95%
Cosmo
95%
Goob
95%
Rodger
95%
Scraps
95%
Tisha
95%
Coal
94%
Connie
94%
Finn
94%
Flutter
94%
Shrimpo
94%
Toodles
94%
Gigi
93%
Looey
93%
Teagan
93%
Ginger
92%
Rudie
92%
Brightney
91%
RND
75%
No matching quizzes found
Score Distribution
Percent of People with Each Score
Percentile by Number Answered
Your Score History
You have not taken this quiz